000
00265nam a22001217a 4500
999
_c
532097
_d
532097
040
_c
dlc
082
_a
0
100
_a
Dr Javed Iqbal
_9
25404
245
_a
sugar bachao aur ilaj
260
_a
Rawalpindi
_b
Monal Publication
300
_a
p;528
942
_2
ddc
_c
BK